Every QB taken in the 2026 NFL Draft - Statistics

General Stats
  • This quiz has been taken 19 times
  • The average score is 9 of 10
Answer Stats
Pick Team College Answer % Correct
1 Raiders Indiana Fernando Mendoza
100%
13 Rams Alabama Ty Simpson
100%
65 Cardinals Miami Carson Beck
94%
76 Steelers Penn St Drew Allar
88%
249 Chiefs LSU Garrett Nussmeier
88%
110 Jets Clemson Cade Klubnik
81%
182 Browns Arkansas Taylen Green
81%
223 Commanders Rutgers Athan Kaliakmanis
75%
234 Patriots Texas Tech Behren Morton
75%
178 Eagles North Dakota St Cole Payton
75%
No matching quizzes found
Score Distribution
Percent of People with Each Score
Percentile by Number Answered
Your Score History
You have not taken this quiz